000 00623nam a2200205Ia 4500
005 20260429112001.0
008 260429s9999||||xx |||||||||||||| ||und||
020 _a9798886130874
041 _aEnglish
082 _a514.325
_bCHE
100 _aCheung, Wing-Sum
245 0 _aMetric space topology :
_bexamples, exercises and solutions /
_cWing-Sum Cheung
260 _aSingapore :
_bWorld Scientific Publishing,
_c2024.
300 _axvi, 425 p.; pbk
440 _aSeries on analysis, applications and computation; v.12
650 _a Metric spaces
650 _a Topology
650 _aMathematics
942 _cTB
999 _c51746
_d51746